Абрамович и Березовски (Запис номер 79866)
[ съкратено ]
| 000 -Лидер | |
|---|---|
| Контролно поле с фиксирана дължина | 02756nam a2200505 c 4500 |
| 003 - Код на организацията, давaща контролен номер | |
| Контролно поле | BLK |
| 005 - Дата и час на последна редакция | |
| Контролно поле | 20240611112156.0 |
| 008 - Елементи от данни с фиксирана дължина | |
| fixed length control field | 180408b bul|||||r ||||||| ||bul|| |
| 010 ## - Наследен системен номер | |
| LC control number | KNG00084348000 |
| 020 ## - Международен стандартен номер на книга ISBN | |
| Международен стандартен номер на книга ISBN | 978-954-742-134-9 |
| -- | издат.: Слънце |
| 040 ## - Източник на каталожния запис | |
| Идентификатор на билиотеката - собственик на записа | BLK |
| 041 ## - Код за език | |
| Код за езика на текст/звукозапис или на отделно заглавие | Български |
| Код за езика КДБФ | Български |
| 080 ## - УДК | |
| Текстов определител УДК | Икономическо положение. Икономическа политика. Управление. Планиране. Производство. Услуги. Цени |
| УДК код - определител по УДК | 338 |
| УДК определител | (470)(092)(02.062) |
| УДК - код + определител | 338(470)(092)(02.062) |
| 080 ## - УДК | |
| Текстов определител УДК | Икономическа психология. Икономическо поведение. Физиологични и психологични елементи. Интереси. Икономически дух |
| УДК код - определител по УДК | 330.16 |
| УДК определител | (470)(092)(02.062) |
| УДК - код + определител | 330.16(470)(092)(02.062) |
| 080 ## - УДК | |
| Текстов определител УДК | Вътрешна политика. Вж и 329 |
| УДК код - определител по УДК | 323 |
| УДК определител | (470)(02.062) |
| УДК - код + определител | 323(470)(02.062) |
| 080 ## - УДК | |
| Текстов определител УДК | Биографии |
| УДК код - определител по УДК | 929 |
| УДК определител | (470) |
| УДК - код + определител | 929(470) |
| 100 1# - Редна дума - Автор | |
| Автор | Хинщайн, Александър Евсеевич |
| Авторска отговорност | първи автор |
| R(LIN) | 137125 |
| 139 ## - Редно поле | |
| Редна дума | Хинщайн, Александър Евсеевич |
| Авторски знак | Хин - Х 51 |
| 245 10 - Сведения за заглавието | |
| Заглавие | Абрамович и Березовски |
| Подзаглавни данни | Тайният живот на олигарсите |
| Редно поле (дума) | Александър Евсеевич Хинщайн; прев. от рус. Ива Николова. |
| 257 ## - Страна на издаване | |
| Страна на създаване/издаване | Русия |
| 260 ## - Област на издателските данни | |
| -- | София |
| Име на издателя, разпространителя и проч. | Слънце |
| Година на издаване | 2008 |
| Печатница | София : Монт |
| 300 ## - Физическа характеристика | |
| Страници | 668 с. |
| Размери/Мащаб | 22 см |
| 380 ## - Жанр | |
| Жанр | Обществени науки |
| 490 1# - СЕРИИ (Колекции) | |
| Име на серия | Поредица Свидетелства на времето |
| 500 ## - Общи забележки | |
| Забележка | Ориг. загл. Березовский и Абрамович. Олигархи с большой дороги / Александр Хинштейн. - Офс. изд. |
| 600 14 - Име на лице, използвано като предмет | |
| За него / За нея | Березовски, Борис Абрамович |
| 9 (RLIN) | 222628 |
| 600 14 - Име на лице, използвано като предмет | |
| За него / За нея | Абрамович, Роман Аркадиевич |
| 9 (RLIN) | 284944 |
| 650 #4 - Допълнително описание по предмет – тема | |
| Основно описание – тема или топоним | Предприемачество - биографии |
| 9 (RLIN) | 265780 |
| 650 #4 - Допълнително описание по предмет – тема | |
| Основно описание – тема или топоним | Русия - вътрешна политика - популярна литература |
| 9 (RLIN) | 252979 |
| 651 #4 - Допълнително описание по предмет - топоним | |
| Географско понятие | Русия |
| 9 (RLIN) | 179465 |
| 653 ## - Ключова дума – ненормативна | |
| Ключова дума | милиардери |
| 653 ## - Ключова дума – ненормативна | |
| Ключова дума | предприемачи |
| 653 ## - Ключова дума – ненормативна | |
| Ключова дума | икономическо поведение |
| 653 ## - Ключова дума – ненормативна | |
| Ключова дума | вътрешна политика |
| 653 ## - Ключова дума – ненормативна | |
| Ключова дума | биографии |
| 653 ## - Ключова дума – ненормативна | |
| Ключова дума | Роман Абрамович |
| 653 ## - Ключова дума – ненормативна | |
| Ключова дума | Борис Березовски |
| 700 ## - Други автори (авторска отговорност) | |
| Лично име | Николова, Ива |
| Пълна форма на името | Митева, Ива Николова |
| 9 (RLIN) | 365667 |
| 852 ## - Местоположение | |
| Форматна сигнатура | Цб 240432 |
| 856 4# - Електронен адрес и достъп | |
| Електронен формат | pdf - файл |
| Път до файла /url/ | |
| 856 4# - Електронен адрес и достъп | |
| Електронен формат | pdf - файл |
| Път до файла /url/ | |
| 942 ## - АРТИКУЛИ | |
| Вид на библиотечния материал | Книги |
| Скрит в OPAC | Не |
| Koha issues (borrowed), all copies | 1 |
| 944 ## - СЪЗДАВАНЕ И РЕДАКЦИЯ на ЗАПИСА | |
| Създаване/Редакция | Създаване |
| Дата на регистрацията/редакция | 12.06.2008 |
| Служител, извършил регистрацията/редакцията | 30550 |
| Статус, дата на статуса | Кети Илиева |
| 944 ## - СЪЗДАВАНЕ И РЕДАКЦИЯ на ЗАПИСА | |
| Създаване/Редакция | Редакция |
| Дата на регистрацията/редакция | 20.01.2010 |
| Служител, извършил регистрацията/редакцията | |
| 999 ## - СИСТЕМНИ КОНТРОЛНИ НОМЕРА | |
| Koha biblionumber | 79866 |
| Koha biblioitemnumber | 79866 |
| Код за отписване | Код за изгубен артикул | Код за повреда | Коз за рестрикции | Код за отдаване | Артикулен № | Име на библиотеката - собственик | Име на библиотеката, в която се намира в момента | Статус (Текущо местоположение) | Дата на вписване в системата | Местоположение - отдел | Цена в лева | Инвентарен номер | Систематично азбучна сигнатура | Баркод | Номер на екземпляра | Цена в евро | Служебна бележка | Служебен тип на артикула | Източник на класификационната схема |
|---|---|---|---|---|---|---|---|---|---|---|---|---|---|---|---|---|---|---|---|
| Не е изгубен | Не е повреден | без рестрикции | заемане за дома | 129144 | Регионална библиотека "Любен Каравелов" Русе | Регионална библиотека "Любен Каравелов" Русе | Заемна - подръчен фонд | 2008-06-12 | Заемна - подръчен фонд | 16.00 | 120000727084 | П 338(4)/Х 51 | 120000727084 | 1 | 8.18 | Дост: Pk Вид: Ф N: 188 Дата: 12.06.2008 Дата инв: 05.02.2018 Бележки инв: П2018 | Книги | ||
| Изтеглен | Не е изгубен | Не е повреден | без рестрикции | заемане за дома | 129145 | Регионална библиотека "Любен Каравелов" Русе | Регионална библиотека "Любен Каравелов" Русе | Заемна - подръчен фонд | 2008-07-11 | Заемна - подръчен фонд | 16.00 | 120000727326 | П 338(4)/Х 51 | 120000727326 | 2 | 8.18 | Дост: Pk Вид: Ф N: 190 Дата: 11.07.2008 Дата инв: 24.01.2015 Бележки инв: П2015 | Книги | Universal Decimal Classification |
| Не е изгубен | Не е повреден | без рестрикции | ползва се в читалня | 129146 | Регионална библиотека "Любен Каравелов" Русе | Регионална библиотека "Любен Каравелов" Русе | Хранилище | 2010-01-20 | Хранилище | 16.00 | 120000740885 | Цб 240432 | 120000740885 | 3 | 8.18 | Дост: Dp Вид: Д N: 27 Дата: 23.06.2009 | Книги |